দশকুমারচরিত : (সংস্কৃত সাহিত্যের রোমাঞ্চ উপন্যাস) / (Record no. 74130)
[ view plain ]
| 000 -LEADER | |
|---|---|
| fixed length control field | 01052nam a2200241 a 4500 |
| 001 - CONTROL NUMBER | |
| control field | 74130 |
| 003 - CONTROL NUMBER IDENTIFIER | |
| rucl marc code | BD-RjUL |
| 005 - DATE AND TIME OF LATEST TRANSACTION | |
| control field | 20211209082511.0 |
| 008 - FIXED-LENGTH DATA ELEMENTS--GENERAL INFORMATION | |
| fixed length control field | 180305s2017 bg ||||| |||| 00| 1 ben d |
| 020 ## - INTERNATIONAL STANDARD BOOK NUMBER | |
| International Standard Book Number | 9789847602349 |
| Terms of availability | Tk. 175.00 |
| 035 ## - SYSTEM CONTROL NUMBER | |
| System control number | (BD-RjUL)74348 |
| 040 ## - CATALOGING SOURCE | |
| Original cataloging agency | BD-RjUL |
| Language of cataloging | eng |
| Transcribing agency | BD-RjUL |
| 041 ## - LANGUAGE CODE | |
| Language code of text/sound track or separate title | ben |
| 082 ## - DEWEY DECIMAL CLASSIFICATION NUMBER | |
| Edition number | 23 |
| Classification number | 891.233 |
| Author mark and year | DOD 2017 |
| 100 1# - MAIN ENTRY--PERSONAL NAME | |
| Personal name | দন্তি |
| 9 (RLIN) | 220383 |
| 245 10 - TITLE STATEMENT | |
| Title | দশকুমারচরিত : (সংস্কৃত সাহিত্যের রোমাঞ্চ উপন্যাস) / |
| Statement of responsibility, etc. | দন্তি ; সম্পাদক, মঞ্জুলা চৌধুরী |
| 300 ## - PHYSICAL DESCRIPTION | |
| Pagination | ১১০ পৃ. ; |
| Size | ২২ সেমি. |
| 505 ## - FORMATTED CONTENTS NOTE | |
| Formatted contents note | নির্বচিত অংশ (রাজবাহনচরিতম ও উপহারবর্মাচরিতম) / |
| 650 ## - SUBJECT ADDED ENTRY--TOPICAL TERM | |
| Topical term or geographic name as entry element | সংস্কৃত সাহিত্য |
| Form subdivision | উপন্যাস |
| 9 (RLIN) | 220384 |
| Topical term or geographic name as entry element | Sanskrit Literature |
| Form subdivision | Fiction |
| 9 (RLIN) | 220385 |
| 700 ## - ADDED ENTRY--PERSONAL NAME | |
| Personal name | চৌধুরী, মঞ্জুলা |
| 942 ## - ADDED ENTRY ELEMENTS (KOHA) | |
| Source of classification or shelving scheme | Dewey Decimal Classification |
| Koha item type | Books |
| Lost status | Source of classification or shelving scheme | Damaged status | Not for loan | Collection code | Permanent Location | Current Location | Shelving location | Date acquired | Source of acquisition | Cost, normal purchase price | Total Checkouts | Full call number | Date last seen | Copy number | Koha item type | Date checked out |
|---|---|---|---|---|---|---|---|---|---|---|---|---|---|---|---|---|
| Dewey Decimal Classification | Not For Loan | Non-fiction | Central Library, University of Rajshahi | Central Library, University of Rajshahi | Reading Room | 28/02/2017 | Author | 175.00 | B 891.233 DOD 2017 | 05/03/2018 | C-1 | Books | ||||
| Dewey Decimal Classification | Non-fiction | Central Library, University of Rajshahi | Central Library, University of Rajshahi | 28/02/2017 | Author | 175.00 | 1 | B 891.233 DOD 2017 | 26/10/2023 | C-2 | Books | 11/10/2023 | ||||
| Dewey Decimal Classification | Non-fiction | Central Library, University of Rajshahi | Central Library, University of Rajshahi | 28/02/2017 | Author | 175.00 | B 891.233 DOD 2017 | 05/03/2018 | C-3 | Books | ||||||
| Dewey Decimal Classification | Non-fiction | Central Library, University of Rajshahi | Central Library, University of Rajshahi | 28/02/2017 | Author | 175.00 | B 891.233 DOD 2017 | 05/03/2018 | C-4 | Books | ||||||
| Dewey Decimal Classification | Non-fiction | Central Library, University of Rajshahi | Central Library, University of Rajshahi | 28/02/2017 | Author | 175.00 | B 891.233 DOD 2017 | 05/03/2018 | C-5 | Books |